zpět

Detail výsledku týmu

Klub Tyjátr, Svitavy

Datum a čas kvízu

21 Celkem bodů Celkový počet nahraných bodů na tomto kvízu bez doplňovacích otázek.
4. Pořadí na kvízu Konečné umístění týmu na tomto kvízu.

Zaznamenané odpovědi

# Otázka Odpověď Body Výsledky
1. Ve které obci se v sobotu kona... v Průhonicích 0
2. Internet minulý týden obletělo... kocour (kočka) 1
3. Společnost Amazon v úterý ozná... Pán prstenů (Lord of the Rings) 1
4. Česká armáda v pátek převzala... Toyota 0
5. Tým ligy amerického fotbalu NF... indiánské čelenky (a rudé malování na obličeji) 0
6. Rozhodli jsme se prověřit vaše... nebozez / nebozízek 0
7. V roce 1844 byla vynalezena hl... cylindrická vložka 0
8. Některé šrouby nemají ani jedn... inbus (též nespisovně imbus) 1
9. Tento vrták je určen pro zhoto... vidiový 0
10. Tato součástka je důležitá pro... sklíčidlo 0